Principles of polymer systems / (Record no. 22213)
[ view plain ]
| 000 -LEADER | |
|---|---|
| fixed length control field | 01092nam a22003377i 4500 |
| 001 - ACCESSION NUMBER | |
| control field | 020418431 |
| 003 - CONTROL NUMBER IDENTIFIER | |
| control field | CUTN |
| 005 - DATE AND TIME OF LATEST TRANSACTION | |
| control field | 20170628120401.0 |
| 008 - FIXED-LENGTH DATA ELEMENTS--GENERAL INFORMATION | |
| fixed length control field | 150716t20152015flua b 001 0 eng d |
| 010 ## - LIBRARY OF CONGRESS CONTROL NUMBER | |
| LC control number | 2015301536 |
| 020 ## - INTERNATIONAL STANDARD BOOK NUMBER | |
| International Standard Book Number | 1482223783 |
| 020 ## - INTERNATIONAL STANDARD BOOK NUMBER | |
| International Standard Book Number | 9781482223781 |
| 035 ## - SYSTEM CONTROL NUMBER | |
| System control number | (OCoLC)ocn885471152 |
| 035 ## - SYSTEM CONTROL NUMBER | |
| System control number | (DLC)2015301536 |
| 035 ## - SYSTEM CONTROL NUMBER | |
| System control number | (UkLoRLUK)982015301536 |
| 040 ## - CATALOGING SOURCE | |
| Original cataloging agency | YDXCP |
| Language of cataloging | eng |
| Transcribing agency | YDXCP |
| Description conventions | rda |
| Modifying agency | BDX |
| -- | BTCTA |
| -- | CUS |
| -- | OCLCO |
| -- | OCLCF |
| -- | LTSCA |
| -- | DLC |
| -- | UkOxU |
| 042 ## - AUTHENTICATION CODE | |
| Authentication code | lccopycat |
| 049 ## - LOCAL HOLDINGS (OCLC) | |
| Local processing data | l |
| Missing elements | % |
| 050 00 - LIBRARY OF CONGRESS CALL NUMBER | |
| Classification number | TP156.P6 |
| Item number | R62 2015 |
| 082 04 - DEWEY DECIMAL CLASSIFICATION NUMBER | |
| Classification number | 668.9 |
| Edition number | 23 |
| Item number | ROD |
| 100 10 - MAIN ENTRY--PERSONAL NAME | |
| Personal name | Rodriguez, Ferdinand, |
| Dates associated with a name | 1928- |
| Relator term | author. |
| 245 10 - TITLE STATEMENT | |
| Title | Principles of polymer systems / |
| Statement of responsibility, etc | Ferdinand Rodriguez, Claude Cohen, Christopher K. Ober, Lynden A. Archer. |
| 250 ## - EDITION STATEMENT | |
| Edition statement | Sixth edition. |
| 300 ## - PHYSICAL DESCRIPTION | |
| Extent | xx, 789 pages : |
| Other physical details | illustrations ; |
| Dimensions | 25 cm |
| 500 ## - GENERAL NOTE | |
| General note | Previously published: New York : Taylor & Francis, 2003. |
| 504 ## - BIBLIOGRAPHY, ETC. NOTE | |
| Bibliography, etc | Includes bibliographical references and index. |
| 650 #0 - SUBJECT ADDED ENTRY--TOPICAL TERM | |
| Topical term or geographic name as entry element | Polymers. |
| 650 #7 - SUBJECT ADDED ENTRY--TOPICAL TERM | |
| Topical term or geographic name as entry element | Polymers. |
| Source of heading or term | fast |
| 942 ## - ADDED ENTRY ELEMENTS (KOHA) | |
| Source of classification or shelving scheme | Dewey Decimal Classification |
| Koha item type | General Books |
| Date last seen | Total Checkouts | Full call number | Barcode | Price effective from | Koha item type | Lost status | Source of classification or shelving scheme | Damaged status | Not for loan | Collection code | Withdrawn status | Home library | Current library | Shelving location | Date acquired |
|---|---|---|---|---|---|---|---|---|---|---|---|---|---|---|---|
| 03/01/2019 | 668.9 ROD | 26541 | 28/06/2017 | General Books | Dewey Decimal Classification | Non-fiction | CUTN Central Library | CUTN Central Library | Medicine, Technology & Management | 28/06/2017 |
